Tratado clínico y práctico de las enfermedades de los niños / (Record no. 163534)

MARC details
000 -LEADER
campo de control de longitud fija 00863nam a2200229 i 4500
001 - NÚMERO DE CONTROL
campo de control 163534
003 - IDENTIFICADOR DE NÚMERO DE CONTROL
campo de control ES-MaACL
005 - FECHA Y HORA DE LA ÚLTIMA TRANSACCIÓN
campo de control 20251007171506.0
008 - DATOS DE LONGITUD FIJA--INFORMACIÓN GENERAL
campo de control de longitud fija 931025s1866 sp |||| | spa d
100 1# - ENTRADA PRINCIPAL--NOMBRE DE PERSONA
Nombre de persona Rilliet, F.
9 (RLIN) 131823
245 10 - MENCIÓN DEL TÍTULO
Título Tratado clínico y práctico de las enfermedades de los niños /
Mención de responsabilidad, etc. por F. Rilliet y E. Barthez ; traducida de la última edicion francesa por Joaquin Gonzalez Hidalgo.
260 ## - PUBLICACIÓN, DISTRIBUCIÓN, ETC.
Lugar de publicación, distribución, etc. Madrid :
Nombre del editor, distribuidor, etc. Carlos Bailly-Bailliere,
Fecha de publicación, distribución, etc. 1866.
300 ## - DESCRIPCIÓN FÍSICA
Extensión 3 v. ;
Dimensiones 23 cm.
650 #4 - PUNTO DE ACCESO ADICIONAL DE MATERIA--TÉRMINO DE MATERIA
Término de materia o nombre geográfico como elemento de entrada Niños-
Subdivisión general Enfermedades-
-- Tratamiento.
9 (RLIN) 15547
700 11 - ENTRADA AGREGADA--NOMBRE PERSONAL
Nombre de persona Barthez, E.
9 (RLIN) 125842
700 11 - ENTRADA AGREGADA--NOMBRE PERSONAL
Nombre de persona González Hidalgo, Joaquín,
Fechas asociadas al nombre 1839-1923
Término indicativo de función/relación
9 (RLIN) 127415
700 11 - ENTRADA AGREGADA--NOMBRE PERSONAL
Nombre de persona Bailly-Bailliere, Carlos,
Término indicativo de función/relación
9 (RLIN) 223859
752 ## - ENTRADA AGREGADA--NOMBRE JERÁRQUICO DEL LUGAR
País o entidad superior España -
Ciudad Madrid
852 ## - LOCALIZACIÓN
Ubicación ES-MaACL
Número de control de estantería F-12752-12754
Nota libre -- Enc. pasta
Holdings
Estatus retirado Estado de pérdida Estado de daño No para préstamo Colección Biblioteca de origen Biblioteca actual Ubicación en estantería Fecha de adquisición Fuente de adquisición Total de préstamos Signatura topográfica completa Código de barras Visto por última vez Precio de reemplazo Tipo de ítem Koha
        Libros del s. XIX Biblioteca del Ateneo de Madrid Biblioteca del Ateneo de Madrid Sala Pecera Planta 2 17/01/2008     F-12752-12754 1171366 23/02/2023 23/02/2023 Libro impreso antiguo